Tlakový senzor pre stomatológiu

Salvato in:
Dettagli Bibliografici
Autore principale: Koiš, Ondrej (Autore)
Altri autori: Hanic, Michal (Relatore della tesi)
Natura: Manoscritto Libro
Lingua:slovacco
Pubblicazione: 2015
Soggetti:
Accesso online:http://is.stuba.sk/zp/portal_zp.pl?podrobnosti=97435
Tags: Aggiungi Tag
Nessun Tag, puoi essere il primo ad aggiungerne!!

MARC

LEADER 00000ntm a22000003a 4500
001 stuzp50011
003 SK-STU
005 20160719153432.1
007 ta
008 150427s2015----xo-----f-mn---000-0-slo-d
040 |a STU  |b slo 
041 0 |a slo 
100 1 |a Koiš, Ondrej  |u 033000  |4 aut  |U FEI Fakulta elektrotechniky a informatiky  |T FEI Ústav elektroniky a fotoniky  |X 53273  |U E030  |Y 549  |7 53273 
242 0 1 |a Pressure sensor for dentistry  |y eng 
245 1 0 |a Tlakový senzor pre stomatológiu 
260 |c 2015 
300 |a 49 s.  |b CD-ROM 
650 4 |a gnatológia  |2 slo 
650 4 |a prevodník  |2 slo 
650 4 |a elektronické prvky  |2 slo 
650 4 |a tlakový senzor  |2 slo 
650 4 |a convertor  |2 eng 
650 4 |a pressure sensor  |2 eng 
650 4 |a gnathology  |2 eng 
650 4 |a electronics components  |2 eng 
700 1 |a Hanic, Michal  |4 ths  |X 55743  |7 A000055743 
856 4 |u http://is.stuba.sk/zp/portal_zp.pl?podrobnosti=97435 
996 |b 284ER01790  |c E*Bc- 1790  |l EE33  |s P  |a 0  |w stuzp50011_0001 
SQL |a stuzp50011  |b DBP  |c SLO  |d Tlakový senzor pre stomatológiu  |e 53273  |f Koiš, Ondrej  |g 033000  |h 55743  |i Hanic, Michal  |j 20150706  |k 74  |l 03  |m http://is.stuba.sk/zp/portal_zp.pl?podrobnosti=97435  |n B-AUE  |o 5.2.13. elektronika